|
|
|
|
| LEADER |
00000caa a22000002c 4500 |
| 001 |
1650130724 |
| 003 |
DE-627 |
| 005 |
20250905185431.0 |
| 007 |
tu |
| 008 |
190311s1993 xx ||||| 00| ||eng c |
| 035 |
|
|
|a (DE-627)1650130724
|
| 035 |
|
|
|a (DE-576)518911810
|
| 035 |
|
|
|a (DE-599)BSZ518911810
|
| 040 |
|
|
|a DE-627
|b ger
|c DE-627
|e rakwb
|
| 041 |
|
|
|a eng
|
| 084 |
|
|
|a 1
|2 ssgn
|
| 100 |
1 |
|
|e VerfasserIn
|0 (DE-588)132307847
|0 (DE-627)690495102
|0 (DE-576)299064778
|4 aut
|a Culbertson, Diana
|
| 109 |
|
|
|a Culbertson, Diana
|
| 245 |
1 |
0 |
|a "Ain't Nobody Clean"
|b The Liturgy of Violence in "Glory"
|c Diana Culbertson
|
| 264 |
|
1 |
|c 1993
|
| 336 |
|
|
|a Text
|b txt
|2 rdacontent
|
| 337 |
|
|
|a ohne Hilfsmittel zu benutzen
|b n
|2 rdamedia
|
| 338 |
|
|
|a Band
|b nc
|2 rdacarrier
|
| 600 |
1 |
7 |
|0 (DE-588)118539507
|0 (DE-627)079338933
|0 (DE-576)161119867
|a Girard, René
|d 1923-2015
|2 gnd
|
| 601 |
|
|
|a Liturgie
|
| 689 |
0 |
0 |
|d s
|0 (DE-588)4020832-1
|0 (DE-627)10631663X
|0 (DE-576)208934979
|2 gnd
|a Gewalt
|
| 689 |
0 |
|
|5 (DE-627)
|
| 773 |
0 |
8 |
|i In
|t Religion & literature
|d Notre Dame, Ind. : Dep., 1984
|g 25(1993), 2, Seite 37-52
|w (DE-627)130331384
|w (DE-600)591646-X
|w (DE-576)015891976
|x 0888-3769
|7 nnas
|
| 773 |
1 |
8 |
|g volume:25
|g year:1993
|g number:2
|g pages:37-52
|
| 776 |
0 |
8 |
|i Erscheint auch als
|n Online-Ausgabe
|a Culbertson, Diana
|t "Ain't Nobody Clean"
|d 1993
|w (DE-627)1686056869
|k Electronic
|
| 935 |
|
|
|a GIRA
|
| 951 |
|
|
|a AR
|
| ELC |
|
|
|b 1
|
| ITA |
|
|
|a 1
|t 1
|
| LOK |
|
|
|0 000 xxxxxcx a22 zn 4500
|
| LOK |
|
|
|0 001 3335861213
|
| LOK |
|
|
|0 003 DE-627
|
| LOK |
|
|
|0 004 1650130724
|
| LOK |
|
|
|0 005 20250730110414
|
| LOK |
|
|
|0 008 190311||||||||||||||||ger|||||||
|
| LOK |
|
|
|0 035
|a (DE-Tue135-1)63450
|
| LOK |
|
|
|0 040
|a DE-Tue135-1
|c DE-627
|d DE-Tue135-1
|
| LOK |
|
|
|0 852
|a DE-Tue135-1
|
| LOK |
|
|
|0 852 1
|c DO10529/CND
|m p
|9 00
|
| LOK |
|
|
|0 852 2
|b S28
|9 00
|
| LOK |
|
|
|0 866
|x Bibliography 9
|
| LOK |
|
|
|0 935
|a iZSA
|
| LOK |
|
|
|0 938
|k p
|
| LOK |
|
|
|0 939
|a 11-03-19
|b l12
|
| ORI |
|
|
|a SA-MARC-ixtheoa001.raw
|
| REL |
|
|
|a 1
|
| STA |
0 |
0 |
|a Violence,Violence,Violence in literature
|
| STB |
0 |
0 |
|a Violence,Violence
|
| STC |
0 |
0 |
|a Violencia,Violencia
|
| STD |
0 |
0 |
|a Violenza,Violenza
|
| STE |
0 |
0 |
|a 暴力,暴力,武力,武力
|
| STF |
0 |
0 |
|a 暴力,暴力,武力,武力
|
| STG |
0 |
0 |
|a Violência,Violência
|
| STH |
0 |
0 |
|a Власть,Власть,Сила,Сила (мотив)
|
| STI |
0 |
0 |
|a Βία (μοτίβο),Βία
|
| SUB |
|
|
|a REL
|
| SYA |
0 |
0 |
|a Girard, René Noël Théophile,1923-2015,Žurar, Rene,1923-2015
|